000
00332 a2200145 4500
001
149144
040
_c
Escola São Tomás de Aquino
100
_a
WAJMAN, Simone Schapira
240
1
0
_a
O ovo e o vovô
_l
por
245
1
0
_a
O ovo e o vovô
362
0
_a
2001
440
1
_a
Paulinas
697
_a
*LITERATURA INFANTIL
942
_c
BK
999
_c
149144
_d
149144